000 00517 a2200181 4500
003 OSt
005 20231125140247.0
008 231125b |||||||| |||| 00| 0 eng d
020 _a9789355515414
040 _coclc
082 _a005.262
_bKAN/L
100 _aKanetkar, Yashavant P
_95392
245 _aLet Us Python /
_cYashavant Kanetkar, Aditya Kanetkar
250 _a6th ed.
260 _bBPB Publications.
_c2024.
300 _a493p
942 _2ddc
_cBK
_h005.262
_iKAN/L
_k005.262
_mKAN/L
999 _c43642
_d43642